|
|
|
|
| LEADER |
00780nam a22002535a 4500 |
| 001 |
825 |
| 003 |
AR-SjUFH |
| 005 |
20191219123329.0 |
| 008 |
940912t1962 |||a 00 0 spa d |
| 040 |
|
|
|a AR-SjUFH
|c AR-SjUFH
|
| 900 |
|
|
|a Proyecto Huarpe
|b 6699
|c 6699
|d Proyecto Huarpe
|
| 944 |
|
|
|p AR
|
| 245 |
1 |
0 |
|a Historia de Grecia /
|c Ernest Curtius.
|
| 260 |
|
|
|a Buenos Aires :
|b Siglo Veinte,
|c 1962.
|
| 500 |
|
|
|a Incluye bibliografía e índices.
|
| 500 |
|
|
|a Título original: Griechische geschichte.
|
| 500 |
|
|
|a Traducido por: Alejo García Moreno.
|
| 082 |
0 |
|
|a 938
|2 18 EN
|
| 052 |
7 |
|
|a 38
|
| 650 |
|
7 |
|a GRECIA
|x HISTORIA
|9 113760
|
| 100 |
1 |
|
|a Curtius, Ernst Robert,
|d 1886-1956
|9 80909
|
| 300 |
|
|
|a 4 v. :
|b il., retrs. ;
|c 23 cm.
|
| 942 |
|
|
|2 ddc
|c LIB
|
| 999 |
|
|
|c 87921
|d 87921
|